[Event "Detroit (MOR/3/93)"]
[Site "?"]
[Date "1992.??.??"]
[Round "?"]
[White "Papanichola, D."]
[Black "White, B."]
[Result "1/2-1/2"]
[WhiteElo "1605"]
[BlackElo "1605"]
[PlyCount "74"]
[EventDate "1992.??.??"]

{3/(93)} 1. Nf3 Nc6 2. c4 f5 3. d3 Nf6 4. g3 e6 5. Bg2 Be7 6. O-O O-O 7. b3 d6
8. Nc3 a6 9. Re1 Qe8 10. Bb2 Nh5 11. e3 Qg6 12. Qc2 Nb4 13. Qd2 e5 14. Nd5 Nxd5
15. cxd5 Bd8 16. Rac1 f4 17. Re2 Bf5 18. e4 Bd7 19. a4 fxg3 20. hxg3 Nf4 21.
gxf4 exf4 22. Ne5 dxe5 23. Bxe5 f3 24. Bg3 fxe2 25. Qxe2 Rc8 26. e5 Bf5 27. Rc3
Bg4 28. Qe3 Qf5 29. Be4 Qf7 30. e6 Bxe6 31. dxe6 Qf6 32. Rc5 g6 33. Bxb7 Rb8
34. Bxa6 Rxb3 35. Bc4 Rb1+ 36. Kg2 Be7 37. Be5 Qh4 1/2-1/2

[Event "Detroit (MOR/6/63)"]
[Site "?"]
[Date "1992.??.??"]
[Round "?"]
[White "Papanichola, D."]
[Black "Lewis, C."]
[Result "1-0"]
[WhiteElo "1605"]
[BlackElo "1610"]
[PlyCount "97"]
[EventDate "1992.??.??"]

{6/(63)} 1. Nf3 Nf6 2. c4 e6 3. g3 b6 4. Bg2 Bb7 5. O-O Be7 6. Nc3 d5 7. b3 d4
8. Nb5 c5 9. d3 a6 10. Na3 Nbd7 11. Nc2 O-O 12. e3 e5 13. exd4 exd4 14. b4 Qc7
15. Bf4 Bd6 16. bxc5 bxc5 17. Bxd6 Qxd6 18. Qd2 Rfe8 19. Rfe1 Rab8 20. Rxe8+
Rxe8 21. Re1 Rxe1+ 22. Qxe1 Qb6 23. Qe7 Bxf3 24. Bxf3 Qb1+ 25. Ne1 Qxa2 26. Bd5
g6 27. Qxf7+ Kh8 28. Kf1 Qa5 29. Be6 Qd8 30. Bxd7 Nxd7 31. Qd5 a5 32. Qc6 Kg7
33. Nc2 Kh6 34. Na1 Ne5 35. Qxc5 Nxd3 36. Qa7 Nb2 37. Nb3 Nxc4 38. Nxd4 Qd5 39.
Kg1 a4 40. h4 a3 41. g4 a2 42. f3 a1=Q+ 43. Qxa1 Nd2 44. Nf5+ Qxf5 45. gxf5
Nxf3+ 46. Kf2 Nxh4 47. f6 Nf5 48. f7 Kg5 49. f8=Q 1-0

[Event "Detroit (MOR/4/87)"]
[Site "?"]
[Date "1992.??.??"]
[Round "?"]
[White "Papanichola, D."]
[Black "Carr, JR."]
[Result "1-0"]
[WhiteElo "1605"]
[BlackElo "1605"]
[PlyCount "85"]
[EventDate "1992.??.??"]

{4/(87)} 1. Nf3 d5 2. c4 d4 3. g3 b6 4. d3 c5 5. Bg2 Bb7 6. O-O Nf6 7. b4 Nbd7
8. Qa4 Qc7 9. Bf4 Qc6 10. b5 Qc8 11. Qb3 e6 12. a4 a5 13. bxa6 Rxa6 14. Na3 Be7
15. Nb5 O-O 16. Ra2 h6 17. Rfa1 Ng4 18. Bd6 Bxd6 19. Nxd6 Qb8 20. Nxb7 Ra7 21.
Nd2 Rxb7 22. Bxb7 Qxb7 23. a5 Qa6 24. Qb5 Qxb5 25. cxb5 bxa5 26. Rxa5 Nb6 27.
Nc4 Rb8 28. Nxb6 Rxb6 29. Rc1 Nf6 30. Rxc5 Nd5 31. Ra6 Rb7 32. Rac6 Kf8 33. b6
Rxb6 34. Rxb6 Nxb6 35. Rc7 Nd5 36. Rc4 Nc3 37. Kf1 e5 38. e3 Nd1 39. exd4 Nb2
40. Rc8+ Ke7 41. Ke2 exd4 42. Ra8 Ke6 43. Ra2 1-0

[Event "Detroit (MOR/1a/63)"]
[Site "?"]
[Date "1992.??.??"]
[Round "?"]
[White "Papanichola, D."]
[Black "Carpenter, George"]
[Result "1-0"]
[WhiteElo "1605"]
[BlackElo "1605"]
[PlyCount "75"]
[EventDate "1992.??.??"]

1. Nf3 Nf6 2. g3 g6 3. b3 Bg7 4. Bb2 O-O 5. Bg2 d5 6. O-O c5 7. c4 dxc4 8. bxc4
Nc6 9. d3 b6 10. Na3 Bb7 11. Nc2 Rb8 12. a4 Qc7 13. Ra3 e5 14. e4 Rbd8 15. Qa1
Nd4 16. Ncxd4 exd4 17. a5 Rfe8 18. Nd2 Ng4 19. Rb1 f5 20. h3 Nxf2 21. Kxf2 f4
22. g4 Bf6 23. Nf3 Qe7 24. axb6 axb6 25. Bc1 Bh4+ 26. Nxh4 Qxh4+ 27. Kg1 Qe1+
28. Bf1 Qg3+ 29. Bg2 f3 30. Ra2 Rf8 31. Bh6 f2+ 32. Kh1 Rf3 33. Rf1 Rxd3 34.
Raxf2 Qxh3+ 35. Bxh3 Rxh3+ 36. Kg1 Rxh6 37. Qa7 Rd7 38. Qb8+ 1-0

[Event "Detroit (MI Op/1a/23)"]
[Site "?"]
[Date "1992.??.??"]
[Round "?"]
[White "Paldan, G."]
[Black "Wilson, Vester"]
[Result "1-0"]
[WhiteElo "1810"]
[BlackElo "2055"]
[PlyCount "71"]
[EventDate "1992.??.??"]

1. e4 e5 2. f4 exf4 3. Nf3 Be7 4. Nc3 Bh4+ 5. Ke2 c6 6. d4 Qf6 7. e5 Qh6 8. Ne4
Be7 9. g3 Qg6 10. Qd3 fxg3 11. Rg1 d5 12. exd6 gxh2 13. Rxg6 hxg6 14. Bg2 h1=Q
15. Bxh1 Rxh1 16. dxe7 Nxe7 17. Nd6+ Kd7 18. Nxf7 Ke8 19. Nd6+ Kd7 20. Nxc8
Kxc8 21. Qe4 Nd5 22. Qe8+ Kc7 23. c4 Rxc1 24. Rxc1 Nf6 25. Qf8 Nfd7 26. Qxg7
Na6 27. Ne5 Rd8 28. Nxd7 Rxd7 29. Qe5+ Kb6 30. c5+ Ka5 31. a3 Rd5 32. Qg3 g5
33. Qc3+ Kb5 34. a4+ Kxa4 35. Ra1+ Kb5 36. Ra5# 1-0

[Event "Detroit (MI Op/7/24)"]
[Site "?"]
[Date "1992.??.??"]
[Round "?"]
[White "Paldan, G."]
[Black "Kulbacki, James"]
[Result "1-0"]
[WhiteElo "1810"]
[BlackElo "1990"]
[PlyCount "125"]
[EventDate "1992.??.??"]

{7/(24)} 1. e4 e6 2. d4 d5 3. Nc3 Nf6 4. Bg5 Be7 5. e5 Ne4 6. Bxe7 Nxc3 7. Bxd8
Nxd1 8. Bxc7 Nxb2 9. Bb5+ Bd7 10. a4 a6 11. Bxd7+ Kxd7 12. Bxb8 Rhxb8 13. Ra2
Nc4 14. Nf3 b5 15. a5 Rc8 16. Kd1 Rf8 17. Ne1 f6 18. Nd3 fxe5 19. dxe5 Rf5 20.
f4 Kc6 21. Ke2 Raf8 22. g4 Rxf4 23. Nxf4 Rxf4 24. h3 Nxe5 25. Ra3 Nc4 26. Rf3
Rxf3 27. Kxf3 e5 28. Ke2 Kd6 29. Rf1 Ke7 30. Rd1 d4 31. Rf1 Ne3 32. Rc1 Nd5 33.
h4 Ke6 34. Kd3 Nf4+ 35. Ke4 Ne2 36. Re1 Nc3+ 37. Kd3 Kd5 38. Rf1 e4+ 39. Kd2
Kc4 40. Rf7 e3+ 41. Ke1 Nd5 42. g5 Kc3 43. Rd7 Nf4 44. Rc7+ Kb2 45. Kd1 Nd5 46.
Rd7 Nc3+ 47. Ke1 Kxc2 48. Rxd4 Na2 49. Ke2 b4 50. Rc4+ Kb1 51. Rc7 b3 52. Rxg7
b2 53. Rb7 Nc3+ 54. Kxe3 Nb5 55. Rf7 Ka1 56. Rf1+ Ka2 57. Rf2 Nd6 58. Kf4 Nc8
59. h5 Ne7 60. Ke5 Nc6+ 61. Kf6 Nd4 62. g6 hxg6 63. hxg6 1-0

[Event "Detroit (MI Op/3/7)"]
[Site "?"]
[Date "1992.??.??"]
[Round "?"]
[White "Paldan, G."]
[Black "Finegold, Ben"]
[Result "0-1"]
[WhiteElo "1810"]
[BlackElo "2540"]
[PlyCount "104"]
[EventDate "1992.??.??"]

{3/(7)} 1. e4 c5 2. b4 cxb4 3. a3 d5 4. e5 Nc6 5. d4 Qb6 6. axb4 Qxd4 7. Qxd4
Nxd4 8. Bd3 Nc6 9. Bb5 Bd7 10. Bxc6 Bxc6 11. Ne2 e6 12. Bd2 f6 13. f4 Bd7 14.
Nd4 Ne7 15. Na3 Nc6 16. Nab5 Nxd4 17. Nxd4 Be7 18. O-O O-O 19. Rf3 fxe5 20.
fxe5 Rxf3 21. gxf3 a6 22. Kg2 Rc8 23. Ra2 Rc4 24. c3 Bxb4 25. Rb2 Bxc3 26. Bxc3
Rxc3 27. Rxb7 Bc8 28. Rb6 Kf7 29. Rc6 Rxc6 30. Nxc6 Bd7 31. Na5 Ke7 32. Kf2 Kd8
33. Ke3 Kc7 34. Kd4 Kb6 35. Nb3 a5 36. f4 g6 37. Nc5 Bc8 38. h4 h5 39. Nd3 a4
40. Kc3 Ba6 41. Nb4 Bb5 42. Nc2 Kc5 43. Nd4 Bd7 44. Nc2 Bc8 45. Kd3 Ba6+ 46.
Kc3 Be2 47. Nd4 Bg4 48. Nc2 Bh3 49. Nd4 Bf5 50. Nf3 a3 51. Kb3 Bg4 52. Nd2 Kd4
0-1

[Event "Detroit (MI Op/4/19)"]
[Site "?"]
[Date "1992.??.??"]
[Round "?"]
[White "Paldan, G."]
[Black "Baze, Lineas"]
[Result "0-1"]
[WhiteElo "1810"]
[BlackElo "2070"]
[PlyCount "52"]
[EventDate "1992.??.??"]

{4/(19)} 1. e4 c5 2. b4 cxb4 3. a3 bxa3 4. Nxa3 Nc6 5. Bc4 e6 6. Bb2 d6 7. d4
Nf6 8. Qe2 Qb6 9. Nb5 Na5 10. Bc3 Nxc4 11. Qxc4 Kd7 12. d5 Nxe4 13. Bd4 Nc5 14.
dxe6+ fxe6 15. Nf3 a6 16. Nc3 Qc6 17. Rd1 Kc7 18. O-O b5 19. Qe2 Bb7 20. Na2 a5
21. Rb1 b4 22. Bxc5 Qxc5 23. Qxe6 Bd5 24. Qg4 Bxa2 25. Nd4 Be7 26. Qxg7 Qe5 0-1

[Event "Flint (MEX/3)"]
[Site "?"]
[Date "1992.??.??"]
[Round "?"]
[White "O'Donnell, Robert"]
[Black "Ward, Tom"]
[Result "1-0"]
[WhiteElo "2265"]
[BlackElo "2125"]
[PlyCount "81"]
[EventDate "1992.??.??"]

1. Nf3 Nf6 2. c4 e6 3. Nc3 d5 4. d4 Be7 5. Bf4 O-O 6. e3 a6 7. h3 c5 8. dxc5
Bxc5 9. Qc2 Qa5 10. cxd5 Nxd5 11. Bd3 h6 12. O-O Nb4 13. Bh7+ Kh8 14. Qb1 Be7
15. a3 N4c6 16. Bc2 Nd7 17. b4 Qh5 18. Qb3 e5 19. Bh2 Nb6 20. Ne2 Be6 21. Qb1
f5 22. Bb3 Nc4 23. Qa2 b5 24. Nxe5 N6xe5 25. Bxe5 Qf7 26. Nf4 Bd7 27. Rac1 a5
28. Bxc4 bxc4 29. Qxc4 Qxc4 30. Rxc4 Bb5 31. Rc7 Bf6 32. Bxf6 Rxf6 33. Rd1 axb4
34. axb4 g5 35. Nh5 Rfa6 36. Rd5 Be2 37. Ng3 Ra1+ 38. Kh2 Bd1 39. Nxf5 Bb3 40.
Rdd7 Be6 41. Rh7+ 1-0

[Event "East Lansing (MI Inv Semi/1)"]
[Site "?"]
[Date "1992.??.??"]
[Round "?"]
[White "O'Donnell, Robert"]
[Black "Tsemekhman, Vadim"]
[Result "0-1"]
[WhiteElo "2250"]
[BlackElo "2425"]
[PlyCount "152"]
[EventDate "1992.??.??"]

1. d4 Nf6 2. c4 g6 3. Nc3 Bg7 4. e4 d6 5. Nf3 O-O 6. Be2 e5 7. O-O Na6 8. Re1
c6 9. Bf1 Bg4 10. dxe5 Bxf3 11. Qxf3 dxe5 12. Be3 Qe7 13. Rad1 Nc5 14. b4 Ne6
15. Nd5 cxd5 16. exd5 e4 17. Qe2 Nd8 18. Bc5 Qe5 19. Bxf8 Bxf8 20. Qd2 Ng4 21.
f4 e3 22. fxe5 exd2 23. Re4 f5 24. Rxg4 fxg4 25. c5 Bg7 26. e6 Nxe6 27. dxe6
Bc3 28. a3 Kf8 29. Bc4 Ke7 30. Kf1 Rd8 31. Ke2 a6 32. Rf1 Bf6 33. Bb3 h5 34. a4
Rd4 35. b5 axb5 36. axb5 Rb4 37. Bd5 Rxb5 38. Kxd2 b6 39. Be4 Rxc5 40. Bxg6
Kxe6 41. Rb1 b5 42. Kd3 Rd5+ 43. Ke4 Re5+ 44. Kd3 Be7 45. Rb2 Rd5+ 46. Ke4 Rg5
47. Be8 b4 48. Ba4 Bd6 49. Bb3+ Ke7 50. g3 Re5+ 51. Kd4 Kf6 52. Rc2 Re1 53.
Rf2+ Kg5 54. Bc2 Be5+ 55. Kd5 Bc3 56. Rf5+ Kh6 57. Rf2 Re3 58. Ba4 Be1 59. Rc2
Ra3 60. Rc6+ Kg5 61. Bc2 h4 62. Rg6+ Kh5 63. gxh4 b3 64. Be4 Ra5+ 65. Ke6 Ra6+
66. Kf7 Rxg6 67. Bxg6+ Kxh4 68. Kf6 b2 69. Be4 Ba5 70. Kf5 Bc7 71. Bd3 Bxh2 72.
Ke4 Bc7 73. Ke3 g3 74. Bf5 g2 75. Kf2 b1=Q 76. Bxb1 Kh3 0-1

[Event "Ann Arbor (MI Inv Pre/3)"]
[Site "?"]
[Date "1992.??.??"]
[Round "?"]
[White "O'Donnell, Robert"]
[Black "Quigley, L."]
[Result "1-0"]
[WhiteElo "2250"]
[BlackElo "2235"]
[PlyCount "59"]
[EventDate "1992.??.??"]

1. Nf3 c5 2. c4 Nf6 3. Nc3 Nc6 4. d4 cxd4 5. Nxd4 e6 6. g3 a6 7. Nb3 Be7 8. Bg2
O-O 9. c5 d5 10. cxd6 Bxd6 11. Bg5 Qc7 12. Rc1 Rd8 13. Qc2 Be7 14. O-O Bd7 15.
Ne4 Be8 16. Nxf6+ Bxf6 17. Bxf6 gxf6 18. Nc5 Rac8 19. Qe4 Qe7 20. Qg4+ Kh8 21.
Qh5 f5 22. e3 Rd2 23. b3 Rcd8 24. Qh6 Ne5 25. Nxb7 Ng4 26. Qf4 Bb5 27. Nxd8
Bxf1 28. Nc6 Qa3 29. Rxf1 Qb2 30. h3 1-0

[Event "Ann Arbor (MI Inv Pre/2)"]
[Site "?"]
[Date "1992.??.??"]
[Round "?"]
[White "O'Donnell, Robert"]
[Black "Norman, Bryan"]
[Result "1/2-1/2"]
[WhiteElo "2250"]
[BlackElo "2270"]
[PlyCount "43"]
[EventDate "1992.??.??"]

1. Nf3 Nf6 2. c4 c6 3. b3 g6 4. Bb2 Bg7 5. g3 O-O 6. Bg2 d5 7. O-O h6 8. d3
Nbd7 9. Nbd2 Re8 10. d4 Ne4 11. Nxe4 dxe4 12. Nd2 f5 13. Qc2 e5 14. dxe5 Nxe5
15. Rfd1 Qe7 16. Nf1 Be6 17. Rd2 a5 18. Rad1 a4 19. Bd4 axb3 20. axb3 Nd7 21.
Bxg7 Qxg7 22. f3 1/2-1/2

[Event "Flint (MEX/1)"]
[Site "?"]
[Date "1992.??.??"]
[Round "?"]
[White "O'Donnell, Robert"]
[Black "Chehayeb, Sal"]
[Result "1/2-1/2"]
[WhiteElo "2265"]
[BlackElo "2120"]
[PlyCount "104"]
[EventDate "1992.??.??"]

1. d4 Nf6 2. c4 g6 3. Nc3 Bg7 4. e4 d6 5. Nf3 O-O 6. Be2 e5 7. O-O Nc6 8. d5
Ne7 9. Nd2 Ne8 10. b4 f5 11. f3 f4 12. c5 g5 13. Nb3 Rf6 14. g4 h5 15. h3 Rh6
16. Bd2 Ng6 17. Be1 Bf8 18. Kg2 Nh4+ 19. Bxh4 gxh4 20. a4 a5 21. cxd6 Bxd6 22.
bxa5 Bb4 23. Nb5 Bxa5 24. Nxa5 Rxa5 25. Qb3 hxg4 26. fxg4 Raa6 27. d6+ Be6 28.
Bc4 Kf7 29. Bxe6+ Rxe6 30. dxc7 Nxc7 31. Rfd1 Qe7 32. Rac1 Nxb5 33. axb5 Ra3
34. Qd5 Rg3+ 35. Kh2 f3 36. b6 Rg2+ 37. Kh1 Kg6 38. Rc7 Qf6 39. Qd7 Kg5 40. Qh7
Kf4 41. Rf7 Kg3 42. Rxf6 Rxf6 43. Rd3 Rxb6 44. Rxf3+ Kxf3 45. Qf5+ Kg3 46.
Qxe5+ Kxh3 47. Qc3+ Rg3 48. Qc2 Rc6 49. Qh2+ Kxg4 50. Qe2+ Kf4 51. Qd2+ Kxe4
52. Qb4+ Ke3 1/2-1/2

[Event "Detroit (Pan Am/2)"]
[Site "?"]
[Date "1992.??.??"]
[Round "?"]
[White "Nowicki, B."]
[Black "Youngs, H."]
[Result "1-0"]
[WhiteElo "1605"]
[BlackElo "1605"]
[PlyCount "75"]
[EventDate "1992.??.??"]

1. e4 c5 2. Nf3 d6 3. c3 Nf6 4. d3 b5 5. Be2 e5 6. O-O Be7 7. Bg5 Nbd7 8. Nbd2
O-O 9. Nh4 Ng4 10. Bxe7 Qxe7 11. Nf5 Qf6 12. Bxg4 Re8 13. Ne3 Qg5 14. Nd5 Nb6
15. Bxc8 Nxd5 16. exd5 Raxc8 17. Nf3 Qg6 18. g3 f5 19. Nh4 Qf7 20. Qf3 Rf8 21.
c4 bxc4 22. dxc4 g5 23. Ng2 g4 24. Qe2 Rce8 25. Rab1 f4 26. Qxg4+ Kh8 27. Nh4
Rg8 28. Qh3 Qh5 29. Qf5 Qh6 30. Kh1 Rg5 31. Qf7 Rf8 32. Qxa7 f3 33. Qe7 Rf6 34.
b4 Rxg3 35. fxg3 Qe3 36. Qxf6+ Kg8 37. Nf5 Qe2 38. Qg7# 1-0

[Event "Ann Arbor (MI Inv Pre/3)"]
[Site "?"]
[Date "1992.??.??"]
[Round "?"]
[White "Norman, Bryan"]
[Black "Noren, Kevin"]
[Result "1/2-1/2"]
[WhiteElo "2270"]
[BlackElo "2295"]
[PlyCount "59"]
[EventDate "1992.??.??"]

1. e4 e5 2. Nf3 Nc6 3. d4 exd4 4. Nxd4 g6 5. Nc3 Bg7 6. Be3 d6 7. Qd2 Nf6 8. f3
O-O 9. O-O-O Re8 10. g4 Qe7 11. g5 Nxd4 12. gxf6 Nxf3 13. fxe7 Nxd2 14. Bxd2
Be6 15. Nd5 Bxd5 16. exd5 Rxe7 17. Re1 Rxe1+ 18. Bxe1 Re8 19. Bf2 Re5 20. c4 a5
21. Bd3 Rh5 22. Bg3 Be5 23. Re1 Kf8 24. Kc2 b6 25. a3 Rg5 26. Re3 Bd4 27. Re4
Be5 28. Re3 Bd4 29. Re4 Be5 30. Re3 1/2-1/2

[Event "East Lansing (MI Inv Semi/1)"]
[Site "?"]
[Date "1992.??.??"]
[Round "?"]
[White "Norman, Bryan"]
[Black "Noren, Kevin"]
[Result "0-1"]
[WhiteElo "2270"]
[BlackElo "2295"]
[PlyCount "76"]
[EventDate "1992.??.??"]

1. e4 c5 2. Nf3 Nc6 3. d4 cxd4 4. Nxd4 Nf6 5. Nc3 d6 6. Bg5 e6 7. Qd2 a6 8.
O-O-O Bd7 9. f4 b5 10. Nb3 Qc7 11. Bd3 Be7 12. Kb1 h6 13. Bh4 O-O 14. Ne2 b4
15. Rhg1 a5 16. g4 g5 17. fxg5 Nh7 18. g6 Ng5 19. g7 Kxg7 20. Nf4 a4 21. Nc1
Ne5 22. Bxg5 hxg5 23. Nh5+ Kg8 24. Rdf1 f6 25. h4 Qc5 26. Rh1 a3 27. b3 Qd4 28.
c3 Qxc3 29. Qxc3 bxc3 30. Kc2 Rad8 31. Be2 Bc6 32. Ng3 Bb7 33. hxg5 fxg5 34.
Rxf8+ Bxf8 35. Nd3 Bg7 36. Rd1 Nxd3 37. Bxd3 Be5 38. Nh5 Rf8 0-1

[Event "Detroit (MI Op/7/5)"]
[Site "?"]
[Date "1992.??.??"]
[Round "?"]
[White "Norman, Bryan"]
[Black "Linn, Peter"]
[Result "1/2-1/2"]
[WhiteElo "2255"]
[BlackElo "2145"]
[PlyCount "36"]
[EventDate "1992.??.??"]

{7/(5)} 1. e4 e6 2. d4 d5 3. Nd2 c5 4. exd5 exd5 5. Ngf3 Nc6 6. Bb5 Bd6 7. dxc5
Bxc5 8. Nb3 Bd6 9. O-O Nge7 10. Bg5 O-O 11. Bh4 Qb6 12. Bd3 a5 13. a4 Nf5 14.
Bxf5 Bxf5 15. Qxd5 Bxc2 16. Nbd4 Nxd4 17. Nxd4 Bg6 18. Nb5 Bb4 1/2-1/2

[Event "Detroit (MI Op/3/6)"]
[Site "?"]
[Date "1992.??.??"]
[Round "?"]
[White "Norman, Bryan"]
[Black "Knecht, Mark"]
[Result "1-0"]
[WhiteElo "2255"]
[BlackElo "2110"]
[PlyCount "63"]
[EventDate "1992.??.??"]

{3/(6)} 1. e4 c5 2. c3 d5 3. exd5 Qxd5 4. d4 Nf6 5. Nf3 Bg4 6. Be2 cxd4 7. cxd4
e6 8. O-O Nc6 9. Nc3 Qd6 10. Qb3 Qb4 11. Qxb4 Bxb4 12. Be3 O-O 13. a3 Ba5 14.
h3 Bf5 15. b4 Bb6 16. Na4 Rfd8 17. Nc5 Ne4 18. Nxb7 Nxd4 19. Nxd4 Bxd4 20. Nxd8
Bxa1 21. Rxa1 Rxd8 22. Bxa7 Nc3 23. Bf3 h6 24. a4 Bd3 25. b5 Ne2+ 26. Kh2 Nd4
27. Bxd4 Rxd4 28. Rd1 e5 29. b6 e4 30. Bxe4 Rxe4 31. Rxd3 Rxa4 32. b7 1-0

[Event "Ann Arbor (MI Inv Pre/1)"]
[Site "?"]
[Date "1992.??.??"]
[Round "?"]
[White "Norman, Bryan"]
[Black "Hahn, David"]
[Result "0-1"]
[WhiteElo "2270"]
[BlackElo "2250"]
[PlyCount "94"]
[EventDate "1992.??.??"]

1. e4 d6 2. d4 Nf6 3. Nc3 g6 4. f4 Bg7 5. Nf3 c5 6. dxc5 Qa5 7. Bd3 Qxc5 8. Qe2
O-O 9. Be3 Qb4 10. a3 Qxb2 11. Kd2 Nxe4+ 12. Nxe4 d5 13. Rhb1 dxe4 14. Rxb2
exd3 15. Qxd3 Bxb2 16. Rb1 Bg7 17. Ne5 Bf5 18. Qb3 Nd7 19. Nxd7 Rfd8 20. Ke1
Rxd7 21. Rd1 Rc7 22. c4 Be6 23. Rc1 Rac8 24. Bxa7 b5 25. Be3 bxc4 26. Qb5 c3
27. a4 c2 28. a5 Rc3 29. Qe2 h5 30. h3 Bf5 31. Bd2 R3c4 32. g4 hxg4 33. hxg4
Be4 34. a6 Ba8 35. a7 Re4 36. Be3 Rec4 37. f5 gxf5 38. gxf5 Bc3+ 39. Kf2 Rh4
40. Rg1+ Kh8 41. Kg3 Bf6 42. Qd3 Rg8+ 43. Kf2 Rh2+ 44. Kf1 Rxg1+ 45. Kxg1 Rh1+
46. Kf2 Bh4+ 47. Ke2 Re1+ 0-1

[Event "Detroit (MI Op/1a/8)"]
[Site "?"]
[Date "1992.??.??"]
[Round "?"]
[White "Norman, Bryan"]
[Black "Bee, A."]
[Result "1-0"]
[WhiteElo "2255"]
[BlackElo "1930"]
[PlyCount "101"]
[EventDate "1992.??.??"]

1. e4 d6 2. d4 Nf6 3. Nc3 g6 4. Be3 Bg7 5. Qd2 c6 6. f3 h5 7. Bd3 Nbd7 8. O-O-O
a6 9. h3 Qc7 10. f4 Nb6 11. Nf3 Bd7 12. Ng5 Nh7 13. f5 Nxg5 14. Bxg5 f6 15. Be3
gxf5 16. exf5 O-O-O 17. Qf2 Bh6 18. Bxh6 Rxh6 19. Rde1 Rh7 20. Ne2 Rg7 21. Nf4
Rdg8 22. Qe2 Nd5 23. Nxd5 cxd5 24. Qxh5 Be8 25. Qe2 Rxg2 26. Qxe7 Qxe7 27. Rxe7
R2g7 28. Rhe1 Bd7 29. Kd2 Rxe7 30. Rxe7 Rh8 31. Re3 Kd8 32. Ke2 Re8 33. Rxe8+
Kxe8 34. Kf3 Kf8 35. Kf4 Kg7 36. Be2 Be8 37. Bf3 Bf7 38. Ke3 Kh6 39. h4 b6 40.
Kd3 Bh5 41. Bxd5 Bg4 42. Ke4 Kh5 43. Be6 Kxh4 44. Kd5 Bd1 45. c3 Ba4 46. Kxd6
Kg5 47. Ke7 a5 48. d5 b5 49. d6 b4 50. cxb4 axb4 51. d7 1-0

[Event "East Lansing (MI Inv Final/2)"]
[Site "?"]
[Date "1992.??.??"]
[Round "?"]
[White "Noren, Kevin"]
[Black "Tsemekhman, Vadim"]
[Result "1/2-1/2"]
[WhiteElo "2295"]
[BlackElo "2425"]
[PlyCount "39"]
[EventDate "1992.??.??"]

1. e4 e6 2. d4 d5 3. Nc3 Bb4 4. e5 c5 5. a3 Bxc3+ 6. bxc3 Qc7 7. Nf3 Ne7 8. a4
b6 9. Bb5+ Bd7 10. Bd3 Nbc6 11. O-O h6 12. Re1 O-O 13. Ba3 Na5 14. dxc5 bxc5
15. Nd2 Ng6 16. Qh5 Nf4 17. Qg4 Nxd3 18. cxd3 f5 19. Qh4 Rf7 20. d4 1/2-1/2

[Event "Ann Arbor (MI Inv Pre/1)"]
[Site "?"]
[Date "1992.??.??"]
[Round "?"]
[White "Noren, Kevin"]
[Black "Tsemekhman, Vadim"]
[Result "0-1"]
[WhiteElo "2295"]
[BlackElo "2425"]
[PlyCount "108"]
[EventDate "1992.??.??"]

1. e4 d6 2. d4 g6 3. Nc3 Bg7 4. Nf3 Nf6 5. Be2 O-O 6. O-O c6 7. a4 Nbd7 8. a5
Qc7 9. h3 e5 10. Be3 Rd8 11. Qd2 exd4 12. Nxd4 Nc5 13. f3 d5 14. Bf4 Qe7 15. e5
Nh5 16. Bg5 Qxe5 17. Nxc6 bxc6 18. Bxd8 Qg3 19. Qe1 Bd4+ 20. Kh1 Bxh3 21. Qxg3
Nxg3+ 22. Kh2 Nxf1+ 23. Kxh3 Ne3 24. Be7 Ne6 25. Bd3 Nf4+ 26. Kh2 Nexg2 27. Bd6
Rd8 28. Bxf4 Nxf4 29. Ne2 Nxe2 30. Bxe2 Bxb2 31. Rb1 Be5+ 32. Kh3 Rb8 33. Rxb8+
Bxb8 34. Ba6 Bc7 35. Bb7 Bxa5 36. Bxc6 d4 37. Kg4 Bd2 38. Kh4 Kg7 39. Kg4 Kf6
40. f4 Kg7 41. f5 Kf6 42. Bd7 a5 43. Kf3 gxf5 44. Be8 Ke5 45. Ke2 Bc3 46. Kf3
h5 47. Ba4 h4 48. Be8 Bd2 49. Bc6 Bf4 50. Be8 h3 51. Ke2 Kd6 52. Kf3 h2 53. Kg2
Bg3 54. Bxf7 a4 0-1

[Event "Lansing (Apr)"]
[Site "?"]
[Date "1992.??.??"]
[Round "?"]
[White "Noren, Kevin"]
[Black "Thompson, Dexter"]
[Result "1-0"]
[WhiteElo "2295"]
[BlackElo "2285"]
[PlyCount "67"]
[EventDate "1992.??.??"]

1. e4 e5 2. Nf3 Nc6 3. Bc4 Nf6 4. d4 exd4 5. e5 d5 6. Bb5 Ne4 7. Nxd4 Bc5 8.
Be3 Bd7 9. Bxc6 bxc6 10. Nd2 O-O 11. Nxe4 dxe4 12. Nxc6 Bxc6 13. Qxd8 Raxd8 14.
Bxc5 Rfe8 15. Bxa7 e3 16. fxe3 Rxe5 17. O-O Bb5 18. Rfd1 Rde8 19. a4 Ba6 20. b4
Bb7 21. Rd7 Rg5 22. g3 h5 23. Rxc7 Be4 24. Rf1 h4 25. Rfxf7 hxg3 26. hxg3 Rxg3+
27. Kf1 Bxc2 28. a5 Bb3 29. Rf4 Rd8 30. Bd4 Rb8 31. Be5 Rb5 32. Rc8+ Kh7 33.
Rh4+ Kg6 34. Bxg3 1-0

[Event "East Lansing (MI Inv Semi Playoff)"]
[Site "?"]
[Date "1992.??.??"]
[Round "?"]
[White "Noren, Kevin"]
[Black "Norman, Bryan"]
[Result "1-0"]
[WhiteElo "2295"]
[BlackElo "2270"]
[PlyCount "67"]
[EventDate "1992.??.??"]

1. Nf3 g6 2. d4 Bg7 3. c4 Nf6 4. Nc3 d6 5. e4 O-O 6. h3 e5 7. d5 a5 8. Be3 Na6
9. Nd2 Nd7 10. g4 f5 11. gxf5 gxf5 12. exf5 Ndc5 13. f6 Qxf6 14. Nde4 Nxe4 15.
Nxe4 Qg6 16. f3 Bf5 17. Rg1 Qf7 18. Bd3 Kh8 19. Qd2 Nc5 20. Bxc5 dxc5 21. O-O-O
Qe7 22. Kb1 a4 23. Ng3 Bxd3+ 24. Qxd3 Qf7 25. Rdf1 a3 26. Ne4 axb2 27. Rg4 Ra6
28. Nxc5 Rh6 29. Rfg1 Bf6 30. Ne6 Ra8 31. Qf5 c6 32. Rg7 Qh5 33. Rxh7+ Rxh7 34.
Qxf6+ 1-0

[Event "East Lansing (MI Inv Semi/2)"]
[Site "?"]
[Date "1992.??.??"]
[Round "?"]
[White "Noren, Kevin"]
[Black "Norman, Bryan"]
[Result "0-1"]
[WhiteElo "2295"]
[BlackElo "2270"]
[PlyCount "140"]
[EventDate "1992.??.??"]

1. Nf3 d5 2. b3 Bg4 3. Bb2 Nd7 4. g3 Ngf6 5. Bg2 e6 6. O-O Bd6 7. c4 O-O 8. d3
c6 9. Nc3 e5 10. cxd5 cxd5 11. h3 Bxf3 12. Bxf3 Nb6 13. e4 dxe4 14. dxe4 Qe7
15. a4 Rfd8 16. a5 Nbd7 17. a6 Nc5 18. axb7 Qxb7 19. Ba3 Qxb3 20. Bxc5 Qxd1 21.
Rfxd1 Bxc5 22. Nd5 Nxd5 23. exd5 Rab8 24. Rab1 Kf8 25. Be4 Rb6 26. Rdc1 Rxb1
27. Rxb1 Bb6 28. Rc1 g6 29. g4 Ke7 30. Kf1 Kd7 31. Ke2 Rc8 32. Rxc8 Kxc8 33. f3
a5 34. Bc2 Kd7 35. Kd3 Kd6 36. Kc4 Be3 37. Ba4 Bd2 38. Bc2 Be1 39. Ba4 f5 40.
gxf5 gxf5 41. Bc2 e4 42. fxe4 f4 43. Kd4 Bf2+ 44. Kc4 h6 45. Bd1 Ke5 46. Bf3
Be1 47. Kb5 Bc3 48. Kc4 Bb4 49. Bg2 h5 50. Bf3 h4 51. Bg2 Bd6 52. Kb5 Kd4 53.
Kxa5 Ke3 54. Kb5 f3 55. Bf1 Kxe4 56. Kc6 Bf4 57. d6 Ke3 58. d7 Bg5 59. Kd5 Kf2
60. Bb5 Kg2 61. Ke4 f2 62. Kf5 Bd8 63. Kg4 f1=Q 64. Bxf1+ Kxf1 65. Kf3 Kg1 66.
Ke2 Kg2 67. Ke1 Kxh3 68. Kf1 Kh2 69. Kf2 h3 70. Kf1 Bb6 0-1

[Event "Detroit (MI Action/5)"]
[Site "?"]
[Date "1992.??.??"]
[Round "?"]
[White "Noren, Kevin"]
[Black "Mailing, Ian"]
[Result "1-0"]
[WhiteElo "2295"]
[BlackElo "1765"]
[PlyCount "74"]
[EventDate "1992.??.??"]

1. Nf3 d5 2. g3 Nf6 3. Bg2 c5 4. O-O Nc6 5. d3 e5 6. Nbd2 Be7 7. e4 d4 8. Nc4
Qc7 9. a4 O-O 10. Ne1 Be6 11. b3 a6 12. f4 b5 13. Nxe5 Nxe5 14. fxe5 Ng4 15.
Nf3 Nxe5 16. Nxe5 Qxe5 17. Bf4 Qf6 18. axb5 Qg6 19. e5 Bg4 20. Qd2 Ra7 21. h3
Bd7 22. Rxa6 Rxa6 23. bxa6 Qxa6 24. g4 Bd8 25. Bd5 Be6 26. Qg2 Bc7 27. Qe4 h6
28. Kg2 Rd8 29. Bxe6 Qxe6 30. Ra1 g5 31. Bg3 Rd5 32. Ra6 Qxa6 33. Qxd5 Qa5 34.
Qf3 Qd2+ 35. Qf2 Qxf2+ 36. Kxf2 Kf8 37. Kf3 Ke7 1-0

[Event "Detroit (MI Action/3)"]
[Site "?"]
[Date "1992.??.??"]
[Round "?"]
[White "Noren, Kevin"]
[Black "Kulbacki, James"]
[Result "1-0"]
[WhiteElo "2295"]
[BlackElo "1965"]
[PlyCount "59"]
[EventDate "1992.??.??"]

1. c4 c6 2. e4 d5 3. exd5 cxd5 4. cxd5 Nf6 5. Nc3 Nxd5 6. Nf3 e6 7. d4 Be7 8.
Bd3 Nc6 9. O-O O-O 10. Re1 Bf6 11. Be4 b6 12. Nxd5 exd5 13. Bxh7+ Kxh7 14. Qc2+
g6 15. Qxc6 Bf5 16. Bf4 Rc8 17. Qa4 Rc4 18. Qxa7 Bxd4 19. Nxd4 Rxd4 20. Bc7 Qg5
21. Qxb6 Rg4 22. Bg3 Rc8 23. Qb7 Kg8 24. Qxd5 Rgc4 25. h4 Qg4 26. Rad1 Be4 27.
Qg5 Qe6 28. f3 Qb6+ 29. Bf2 Qxb2 30. fxe4 1-0

[Event "Ann Arbor (MI Inv Pre/4)"]
[Site "?"]
[Date "1992.??.??"]
[Round "?"]
[White "Noren, Kevin"]
[Black "Koster, Ed"]
[Result "1-0"]
[WhiteElo "2295"]
[BlackElo "2160"]
[PlyCount "35"]
[EventDate "1992.??.??"]

1. e4 e5 2. Nf3 Nc6 3. Bc4 Nf6 4. d4 exd4 5. e5 d5 6. Bb5 Ne4 7. Nxd4 Bc5 8.
Be3 O-O 9. Bxc6 bxc6 10. O-O Qe8 11. f3 f6 12. fxe4 fxe5 13. Nf5 Rxf5 14. Bxc5
Rxf1+ 15. Qxf1 dxe4 16. Nc3 Rb8 17. b3 Qg6 18. Qf8# 1-0